00401nam a2200157Ia 4500003000400000005001700004008004100021022001400062040000900076082001800085100002700103245004600130260004100176300000800217650001800225OSt20201015122644.0190216s9999||||xx |||||||||||||| ||und|| a033908325 coclc a821.77bSHE/P aShelley, Percy Bysshe  0aPrometheus Unbound /cPercy Bysshe Shelly bMacmillan India Ltd,c1985.aMadras: a93p aEnglish Drama